| 000 | 01325nam a2200337 4500 | ||
|---|---|---|---|
| 001 | 1283951 | ||
| 005 | 19710510000000.0 | ||
| 008 | 710429s1970 enk b 000 0 eng | ||
| 010 | _a 75554874 | ||
| 015 | _aB70-12585 | ||
| 020 | _a0713154780 | ||
| 040 |
_aDLC _cDLC _dDLC |
||
| 043 | _an-us--- | ||
| 050 | 0 | 0 |
_aE744 _b.C43 1970b |
| 082 | 0 | 0 |
_a327.73 _220 _bCHA |
| 100 | 1 |
_aChallener, Richard D., _ecomp. _910726 |
|
| 245 | 1 | 0 |
_aFrom isolation to containment, 1921-1952: _bthree decades of American foreign policy from Harding to Truman/ _cedited by Richard D. Challener. |
| 260 |
_aLondon: _bEdward Arnold, _cc.1970. |
||
| 300 |
_aviii, 184 p. _c21 cm. |
||
| 490 | 0 | _aDocuments of modern history | |
| 500 | _aIncludes Bibliography. | ||
| 500 | _aDonations. | ||
| 500 | _aDonated By: Alaa Abdel Ghaney. | ||
| 504 | _aBibliography: p. [183]-184. | ||
| 650 |
_910724 _aUnited States --History --1901-1953 --Sources. |
||
| 650 |
_910725 _aUnited States --Foreign relations --20th century. |
||
| 651 | 0 |
_aUnited States _xHistory _y1901-1953 _xSources. _910727 |
|
| 651 | 0 |
_aUnited States _xForeign relations _y20th century. _910728 |
|
| 942 |
_2ddc _cBB |
||
| 999 |
_c13223 _d13223 |
||